000 01362cam a22003014a 4500
001 60882032
003 OCoLC
005 20150408114012.0
008 050629s2006 mauaf b 001 0 eng
010 _a2005051219
020 _a0674017137 (cloth : alk. paper)
040 _aDLC
_cDLC
_dBAKER
_dC#P
_dCUS
_dNLM
_dXMA
042 _apcc
050 0 0 _aQH447.8.S45
_bB87 2006
060 0 0 _a2006 E-259
060 0 0 _aQU 470
_bB973g 2006
082 0 0 _a572.86
_222
100 1 _aBurt, Austin.
_910461
245 1 0 _aGenes in conflict :
_bthe biology of selfish genetic elements /
_cAustin Burt and Robert Trivers.
260 _aCambridge, Mass. :
_bBelknap Press of Harvard University Press,
_c2006.
300 _aviii, 602 p., [8] p. of plates :
_bill. (some col.) ;
_c25 cm.
504 _aIncludes bibliographical references (p. 477-575) and indexes.
505 0 _a1. Selfish genetic elements -- 2. Autosomal killers -- 3. Selfish sex chromosomes -- 4. Genomic imprinting -- 5. Selfish mitochondrial DNA -- 6. Gene conversion and homing -- 7. Transposable elements -- 8. Female drive -- 9. B chromosomes -- 10. Genomic exclusion -- 11. Selfish cell lineages -- 12. Summary and future directions.
650 0 _aSelfish genetic elements.
_910462
650 1 2 _aRepetitive Sequences, Nucleic Acid.
_910463
700 1 _aTrivers, Robert.
_910464
942 _2ddc
_cBOOK
999 _c21386
_d255886